Statistics for Country Click Quiz #2

Click here to take the quiz!

General Stats

  • This quiz has been taken 72 times
  • The average score is 8 of 12

Answer Stats

HintAnswer% Correct
Only borders China and RussiaMongolia
90%
Once wanted to cut itself away from Saudi ArabiaQatar
87%
Has the only non quadrilateral flagNepal
85%
May disappear soon due to climate changeFiji
83%
Is an island nation, but borders another countryDominican Republic
80%
Name was changed due to past colonial reasonsEswatini
67%
Is double landlocked by five other countriesUzbekistan
63%
The word vampire is from this country's originSerbia
62%
Some of this country was once part of the MayansNicaragua
58%
Second largest cocoa producers in the worldGhana
40%
Petrol (gas) is cheaper than water hereAlgeria
20%
Once had a 10:1 female:male ratioParaguay
18%

Score Distribution

Percentile by Number Answered

Percent of People with Each Score

Your Score History

You have not taken this quiz